Race for Kosovo contracts. (Record no. 61047)

MARC details
000 -LEADER
fixed length control field 01093cam a2200205 4500
001 - CONTROL NUMBER
control field WB3524-07
008 - FIXED-LENGTH DATA ELEMENTS--GENERAL INFORMATION
fixed length control field 000000n1999 000 0 eng u
035 ## - SYSTEM CONTROL NUMBER
System control number (Sirsi) u101953
245 ## - TITLE STATEMENT
Title Race for Kosovo contracts.
260 ## - PUBLICATION, DISTRIBUTION, ETC.
Date of publication, distribution, etc. 1999
490 ## - SERIES STATEMENT
Series statement Guardian
Volume/sequential designation 19 June 1999, 4
490 ## - SERIES STATEMENT
Series statement Contract Journal
Volume/sequential designation 399(6321) 23 June 1999, 4
490 ## - SERIES STATEMENT
Series statement Financial Times
Volume/sequential designation 25 June 1999, 3(3)
520 ## - SUMMARY, ETC.
Summary, etc. A government/private sector Kosovo regeneration taskforce is co-ordinating UK efforts to win as many initial orders as possible in rebuilding Kosovo. Initial orders are worth £3bn, but will ultimately be worth £30bn or more. The European Union is meant to be organising a joint EU rebuilding programme, but national governments are competing for the largest slice of the cake. A British team has met in Kosovo to assess the necessary work. Experience in Bosnia is reviewed. It points to tough local competition and the importance of materials' supply. Table.
650 ## - SUBJECT ADDED ENTRY--TOPICAL TERM
Topical term or geographic name entry element KOSOVO
650 ## - SUBJECT ADDED ENTRY--TOPICAL TERM
Topical term or geographic name entry element Contracts
9 (RLIN) 6232
650 ## - SUBJECT ADDED ENTRY--TOPICAL TERM
Topical term or geographic name entry element REGENERATION
690 ## - LOCAL SUBJECT ADDED ENTRY--TOPICAL TERM (OCLC, RLIN)
Topical term or geographic name as entry element BUILT ENVIRONMENT
942 ## - ADDED ENTRY ELEMENTS (KOHA)
Suppress in OPAC 0
Holdings
Withdrawn status Lost status Source of classification or shelving scheme Damaged status Not for loan Home library Current library Shelving location Date acquired Total Checkouts Full call number Barcode Date last seen Copy number Price effective from Koha item type
    Dewey Decimal Classification     London London News article 12/11/1999   WB3524-07 101953-1001 06/08/2019 1 06/08/2019 News article